Study of the Floristic diversity of Wood Aaxa in Miombo Woodlands along Climatic Grandient (Record no. 58923)

MARC details
000 -LEADER
fixed length control field 00735nam a2200181 a 4500
008 - FIXED-LENGTH DATA ELEMENTS--GENERAL INFORMATION
fixed length control field 220225s2017 ||||||||||||||||| || u
050 ## - LIBRARY OF CONGRESS CALL NUMBER
Classification number CBU-PG THESIS/BWA
100 ## - MAIN ENTRY--PERSONAL NAME
Personal name Bwalya, Anthony
245 10 - TITLE STATEMENT
Title Study of the Floristic diversity of Wood Aaxa in Miombo Woodlands along Climatic Grandient
Statement of responsibility, etc. By Bwalya Anthony
260 ## - PUBLICATION, DISTRIBUTION, ETC.
Place of publication, distribution, etc. Kitwe
Name of publisher, distributor, etc. Copperbelt University
Date of publication, distribution, etc. 2017
300 ## - PHYSICAL DESCRIPTION
Extent xi, 51 Pages : illustrations
650 #0 - SUBJECT ADDED ENTRY--TOPICAL TERM
Topical term or geographic name entry element BIOLOGY
650 ## - SUBJECT ADDED ENTRY--TOPICAL TERM
Topical term or geographic name entry element FLORISTIC DIVERSITY
650 ## - SUBJECT ADDED ENTRY--TOPICAL TERM
Topical term or geographic name entry element Trees - Biotechnology
650 ## - SUBJECT ADDED ENTRY--TOPICAL TERM
Topical term or geographic name entry element WOOD TAXA - MIOMBO WOODLANDS
650 ## - SUBJECT ADDED ENTRY--TOPICAL TERM
Topical term or geographic name entry element TREES - ALONG CLIMATIC GRADIENT
995 ## - RECOMMENDATION 995 [LOCAL, UNIMARC FRANCE]
-- CBU-MAIN LIBRARY (Kitwe)
-- 1
-- AVAILABLE
-- Oct 19, 2022
-- University Collection
Holdings
Withdrawn status Lost status Source of classification or shelving scheme Damaged status Not for loan Home library Current library Shelving location Date acquired Total Checkouts Full call number Barcode Date last seen Price effective from Koha item type
          CBU-MAIN LIBRARY, KITWE. CBU-MAIN LIBRARY, KITWE.   11/30/2022   CBU-PG THESIS/BWA B5064 11/30/2022 11/30/2022 MONOGRAPH